1282 1496 1886 1653 1918 1466 1043 1801 1268 1656 1358 1393 1627 1995 1078 1243 2000 1417 1366 1525 1814 1215 1908 1996 1495 1855 1489 1145 1800 1073 1943 1239 1055 1828 1727 1705 1343 1398 1937 1426 1045 1285 1529 1651 1570 1207 1040 1454 1102 1517 1633 1369 1142 1226 1161 1510 1934 1742 1225 1791 1116 1306 1443 1251 1041 1374 1990 1650 1511 1210 1529 1879 1516 1924 1012 1536 1711 1285 1603 1700 1304 1318 1818 1426 1845 1000 1357 1835 1499 1614 1471 1639 1994 1337 1460 1240 1111 1058 1527 BCNSPRNW ULIB Ver.6.0+V

เปลี่ยนเป็นภาษาไทย

Change to English
 แสดงรายละเอียดบรรณานุกรม
  กลับหน้าหลัก

Brief Record : Get Marc (ISO 2709) : E-mail record : QR code < ปิดหน้าต่าง
LEADER : 00000nam 2200000uu 4500
001    13399111567
003     ULIB
008    110701s||||||||th 000 0 tha d
020    9789749898154
050  4 BQ4570^bว111ค 2550
100 0  ว.วชิรเมธี
245 10 คนสำราญ งานสำเร็จ /^cว.วชิรเมธี
250    พิมพ์ครั้งที่ 1
260    กรุงเทพฯ :^bอมรินทร์,^c2550
300    175 หน้า :^bภาพประกอบ ;^c17 ซม.
440  0 ธรรมะในอากาศ ;^vลำดับที่ 2
650  7 ธรรมะ
650  7 การทำงาน^xแง่ศาสนา^xพุทธศาสนา
650  7 ธรรมะกับชีวิตประจำวัน
650  7 การปฏิบัติธรรม
945    ^p145^l0^i023209
995    ทศพร
999 ^a ใช้งานได้ทุกระบบ
รายการนี้ยังไม่มีแท็ก
คุณยังไม่ได้ล็อกอิน คุณสามารถมีกิจกรรมร่วมกับเว็บไซต์ได้ แต่ต้องล็อกอินก่อน ::
  ล็อกอิน

รายการสื่อสารสนเทศ

ลำดับที่ ประเภท เลขเรียก/บาร์โค้ด สถานที่ สถานะ
- ไม่พบข้อมูล -

รายการใกล้เคียง
    ผู้แต่ง [ว.วชิรเมธี]

    หัวเรื่อง [ธรรมะ]
    หัวเรื่อง [ธรรมะกับชีวิตประจำวัน]
    หัวเรื่อง [การปฏิบัติธรรม]

BibComment


ยังไม่เคยถูกคอมเมนท์

คอมเมนท์ทรัพยากรรายการนี้
  คอมเมนท์: คนสำราญ งานสำเร็จ..


 Copyright 2026. Bcnsprnw @Library